| 000 | 00691nam a2200253Ia 4500 | ||
|---|---|---|---|
| 008 | 200601s9999 xx 000 0 und d | ||
| 020 | _a978-0-7614-5410-6 | ||
| 050 | _aREF DS 527.9 | ||
| 050 | _b.Y56 2007 | ||
| 100 | _aYin, Saw Myat. | ||
| 245 | 0 | _aCultureshock! : | |
| 245 | 0 | _bMyanmar / | |
| 245 | 0 | _cSaw Myat Yin. | |
| 260 | _aSingapore : | ||
| 260 | _bMarshall Cavendish Editions, | ||
| 260 | _c2007 | ||
| 300 | _a234 pages : | ||
| 300 | _billustrations (some color) ; | ||
| 300 | _c22 cm. | ||
| 440 | _aCultureshock! | ||
| 500 | _aIncludes bibliographical references and index. | ||
| 650 | _aEtiquette -- Myanmar. | ||
| 650 | _xMyanmar -- Social life and customs. | ||
| 999 |
_c363291 _d363291 |
||